000 00745nam a2200289Ia 4500
001 C7472
003 IT-RoPAU
008 130308s9999 xx 000 0 und d
040 _aIT-RoPAU
040 _cIT-RoPAU
041 _aITALIANO
100 _aAiello Giuseppe
100 _gCodice Aut. SPICS: 42267
245 _aRap nero di rabbia
245 _bNote di Rivolta
250 _a1a ed.
260 _aMILANO
260 _bVolonta'
260 _c1993 [1° Ed.:1993 - Ed.Ling.Originale:1993]
300 _a"9 p. (prefazione: no ; testo: 9 [pagine: 187-195])"
500 _aNemici Pubblici. Rivolta e Miliardi.
650 _aSAGGI MUSICALI
650 _eCodice materia Spics: 7011
942 _cBK
957 _71
999 _c85960
_d85960
999 _g1